| 000 | 01415cam a2200325 a 4500 | ||
|---|---|---|---|
| 001 | 4328804 | ||
| 003 | OSt | ||
| 005 | 20170921161921.0 | ||
| 008 | 880519s1989 stka b 000 0 eng c | ||
| 010 | _a 88018153 | ||
| 020 | _a0443039372 | ||
| 040 |
_aDNLM/DLC _cDLC _dDLC |
||
| 082 |
_aWY 18 _bR431d 1989 |
||
| 245 | 0 | 4 |
_aThe Digestive system and the urinary system / _c edited by Janet T.E. Riddle ; with contributions from Elizabeth M. Stewart ... [et al.] ; foreword by Margaret F. Alexander. |
| 260 |
_aEdinburgh [Scotland] ; _aNew York : _bChurchill Livingstone, _c1989. |
||
| 300 |
_a123 p. : _bill. ; _c25 cm. |
||
| 490 | 1 |
_aNursing care studies : 500 questions and answers for self-assessment ; _v4 |
|
| 504 | _aBibliography: p. [116]-123. | ||
| 650 | 0 |
_aUrological nursing _xExaminations, questions, etc. _912146 |
|
| 650 | 0 |
_aGastrointestinal system _xDiseases _xNursing _xExaminations, questions, etc. _912147 |
|
| 650 | 2 |
_aDigestive System _xexamination questions. _912148 |
|
| 650 | 2 |
_aDigestive System Diseases _xnursing _xexamination questions. _912149 |
|
| 650 | 2 |
_aUrinary Tract _xexamination questions. _912150 |
|
| 650 | 2 |
_aUrologic Diseases _xnursing _xexamination questions. _912151 |
|
| 700 | 1 |
_aRiddle, Janet T. E. _912152 |
|
| 700 | 1 |
_aStewart, Elizabeth M. _912153 |
|
| 830 | 0 |
_aNursing care studies ; _v4. _912154 |
|
| 906 |
_a7 _bcbc _corignew _d1 _eocip _f19 _gy-gencatlg |
||
| 942 |
_2z _cO_SHELF |
||
| 999 |
_c5848 _d5848 |
||